La Teoría económica en América Latina . 30 Treinta años de búsqueda /
Enregistré dans:
| Auteur principal: | |
|---|---|
| Format: | Texte |
| Sujets: | |
| Tags: |
Ajouter un tag
Pas de tags, Soyez le premier à ajouter un tag!
|
MARC
| LEADER | 00000 a a2200000 04500 | ||
|---|---|---|---|
| 001 | 10684 | ||
| 003 | |||
| 040 | |||
| 100 | |a Del Búfalo, Enzo | ||
| 245 | |a La Teoría económica en América Latina . 30 Treinta años de búsqueda / |c Enzo Del Búfalo | ||
| 500 | |a También en: Nueva Sociedad. número 79, setiembre-octubre 1985 | ||
| 650 | |a ESTRUCTURA ECONOMICA | ||
| 650 | |a CEPAL | ||
| 650 | |a TEORIA DEL DESARROLLO | ||
| 650 | |a DEPENDENCIA ECONOMICA | ||
| 650 | |a REVOLUCION | ||
| 650 | |a RELACIONES INTERNACIONALES | ||
| 773 | |g número 180 -181; páginas 96-107 | ||
| 999 | |c 36154 |d 36154 | ||
